LEADER 03370nam 2200601 450 001 9910453657403321 005 20200903223051.0 010 $a90-04-25881-7 024 7 $a10.1163/9789004258815 035 $a(CKB)2550000001168863 035 $a(EBL)1576647 035 $a(SSID)ssj0001061000 035 $a(PQKBManifestationID)11665918 035 $a(PQKBTitleCode)TC0001061000 035 $a(PQKBWorkID)11097156 035 $a(PQKB)11446224 035 $a(MiAaPQ)EBC1576647 035 $a(nllekb)BRILL9789004258815 035 $a(PPN)178890626 035 $a(Au-PeEL)EBL1576647 035 $a(CaPaEBR)ebr10815250 035 $a(CaONFJC)MIL550149 035 $a(OCoLC)865334315 035 $a(EXLCZ)992550000001168863 100 $a20130912d2013 uy| 0 101 0 $aeng 135 $aur|n|---||||| 181 $ctxt 182 $cc 183 $acr 200 00$aFourth Ezra and Second Baruch $ereconstruction after the fall /$fedited by Matthias Henze, Gabriele Boccaccini ; with the collaboration of Jason M. Zurawski 210 1$aBoston :$cBrill,$d2013. 215 $a1 online resource (472 p.) 225 1 $aSupplements to the Journal for the study of Judaism,$x1384-2161 ;$vvolume 164 300 $aIncludes index. 311 $a90-04-25867-1 311 $a1-306-18898-9 320 $aIncludes bibliographical references and indexes. 327 $apart 1. Introduction -- part 2. 4 Ezra, 2 Baruch and pre-70 CE Jewish literature -- part 3. Pseudepigraphy in 4 Ezra and 2 Baruch -- part 4. A close reading of 4 Ezra and 2 Baruch -- part 5. The social and historical context of 4 Ezra and 2 Baruch -- part 6. 4 Ezra, 2 Baruch, and early Christianity -- part 7. 4 Ezra, 2 Baruch, and post-70 CE Jewish literature -- part 8. The Nachleben of 4 Ezra and 2 Baruch. 330 $aThe two Jewish works that are the subject of this volume, 4 Ezra and 2 Baruch , were written around the turn of the first century CE in the aftermath of the Roman destruction of the Second Temple. Both texts are apocalypses, and both occupy an important place in early Jewish literature and thought: they were composed right after the Second Temple period, as Rabbinic Judaism and early Christianity began to emerge. The twenty essays in this volume were first presented and discussed at the Sixth Enoch Seminar at the Villa Cagnola at Gazzada, near Milan, Italy, on June 26-30, 2011. Together they reflect the lively debate about 4 Ezra and 2 Baruch among the most distinguished specialists in the field. The Contributors are: Gabriele Boccaccini; Daniel Boyarin; John J. Collins; Devorah Dimant; Lutz Doering; Lorenzo DiTommaso; Steven Fraade; Lester L. Grabbe; Matthias Henze; Karina M. Hoogan; Liv Ingeborg Lied; Hindy Najman; George W.E. Nickelsburg; Eugen Pentiuc; Pierluigi Piovanelli; Benjamin Reynolds; Loren Stuckenbruck; Balįzs Tamįsi; Alexander Toepel; Adela Yarbro Collins 410 0$aSupplements to the Journal for the study of Judaism ;$vv. 164. 608 $aElectronic books. 676 $a229/.1 701 $aHenze$b Matthias$0970922 701 $aBoccaccini$b Gabriele$0152509 701 $aZurawski$b Jason M$0970923 801 0$bMiAaPQ 801 1$bMiAaPQ 801 2$bMiAaPQ 906 $aBOOK 912 $a9910453657403321 996 $aFourth Ezra and Second Baruch$92206841 997 $aUNINA LEADER 02103nam0 22004093i 450 001 LO10089766 005 20251003044207.0 020 $aIT$b64-12850 100 $a19920609d1964 ||||0itac50 ba 101 | $aita 102 $ait 181 1$6z01$ai $bxxxe 182 1$6z01$an 183 1$6z01$anc$2RDAcarrier 200 1 $aˆL'‰universitą e la Comunitą europea$fUmberto Gori$ginchiesta effettuata dalla S.I.O.I. nelle universita italiane per incarico del Servizio stampa e informazione delle Comunita europeee, Ufficio per l'Italia 210 $aPadova$cCEDAM$d1964 215 $a188 p.$d24 cm. 225 | $aPubblicazioni della Societą italiana per l'organizzazione internazionale$i. Documenti 314 $ainchiesta effettuata dalla$9CFIV006618 410 0$1001CFI0056163$12001 $aPubblicazioni della Societą italiana per l'organizzazione internazionale$i. Documenti$171202$aSocietą italiana per l'organizzazione internazionale$3CFIV006618 606 $aUniversitą$xEuropa$2FIR$3CFIC035490$9E 676 $a378$9EDUCAZIONE SUPERIORE$v23 686 $a3171.2$cPIANO SCHUMAN CECA CEE EUROPA UNITA 1945-1968$2R 686 $aIT/3427.6$cUNIVERSITA ITALIA 1945-1968$2R 700 1$aGori$b, Umberto$f <1932- >$3RT1V014860$4070$01264448 712 02$aSocietą italiana per l'organizzazione internazionale$3CFIV006618 791 02$aItalian society for international organization$3CFIV123616$zSocietą italiana per l'organizzazione internazionale 791 02$aS.I.O.I$c $3CFIV226697$zSocietą italiana per l'organizzazione internazionale 801 3$aIT$bIT-000000$c19920609 850 $aIT-BN0095 $aIT-NA0581 901 $bNAP 01$cD $n$ 901 $bNAP FC$cFONDO $n$ 912 $aLO10089766 950 0$aBiblioteca Centralizzata di Ateneo$d 01D (AR) 4 071$e 01AR 0070040715 VMA A4 1 v.$fY $h20221124$i20221124 977 $a 01$a FC 996 $aUniversitą e la Comunitą europea$92964691 997 $aUNISANNIO